000 00461nam a22001931a 4500
001 5939
003 OSt
005 20260204212033.0
008 060216s1992||||sp ||||||b||||||||||spa||
020 _a8401450993
050 _a303.3 T571c
100 _aToffler, Alvin
245 _aEl cambio del poder / Alvin Toffler
264 _aEspaña : Plaza y Janes
300 _a618 p
500 _aDonado
650 _a1.Poder - Ciencias SocialesÌ
942 _2ddc
_cBK
999 _c5939
_d5939